[Event "IECC KO email"]
[Site "IECC email"]
[Date "2002.03.08"]
[Round "?"]
[White "Michaud, Manju"]
[Black "Monforte, Guy"]
[Result "0-1"]
[WhiteElo "1868"]
[BlackElo "1709"]
[PlyCount "46"]
[EventDate "2002.??.??"]
[EventType "tourn (corr)"]
[EventRounds "6"]
[SourceTitle "Corr 2008"]
[Source "ChessBase"]
[SourceDate "2008.06.24"]
[SourceVersion "1"]
[SourceVersionDate "2008.06.24"]
[SourceQuality "1"]

1. c4 e5 2. Nc3 Nf6 3. g3 Bc5 4. Bg2 Nc6 5. e3 0-0 6. Nge2 Re8 7. a3 d6 8. b4 Bb6 9. 0-0 Bg4 10. Bb2 Qd7 11. Re1 e4 12. Qc2 Qf5 13. Nf4 Ne5 14. Ncd5 Nxd5 15. cxd5 Nf3+ 16. Bxf3 Bxf3 17. Qc3 f6 18. Qc4 g5 19. Ne6 c6 20. Nd4 Bxd4 21. Bxd4 b5 22. Qf1 Qxd5 23. Bxf6 Re6 0-1